Indian Journal of Economics and Business (Record no. 43140)
[ view plain ]
| 000 -LEADER | |
|---|---|
| fixed length control field | 00318nam a22001217a 4500 |
| 008 - FIXED-LENGTH DATA ELEMENTS--GENERAL INFORMATION | |
| fixed length control field | 241110b |||||||| |||| 00| 0 eng d |
| 022 ## - INTERNATIONAL STANDARD SERIAL NUMBER | |
| International Standard Serial Number | 09725784 |
| 041 ## - LANGUAGE CODE | |
| Language code of text/sound track or separate title | Eng |
| 245 ## - TITLE STATEMENT | |
| Title | Indian Journal of Economics and Business |
| 260 ## - PUBLICATION, DISTRIBUTION, ETC. | |
| Place of publication, distribution, etc. | New Delhi |
| Name of publisher, distributor, etc. | Serials Publications Pvt. Ltd. |
| Date of publication, distribution, etc. | 2024 |
| 300 ## - PHYSICAL DESCRIPTION | |
| Extent | 141 p |
| 942 ## - ADDED ENTRY ELEMENTS (KOHA) | |
| Koha item type | Serial |
| Withdrawn status | Lost status | Source of classification or shelving scheme | Damaged status | Not for loan | Home library | Current library | Date acquired | Serial Enumeration / chronology | Total Checkouts | Barcode | Date last seen | Price effective from | Koha item type | Source of acquisition |
|---|---|---|---|---|---|---|---|---|---|---|---|---|---|---|
| Dewey Decimal Classification | IMTN | IMTN | 11/10/2024 | Vol. 23, No. 1 | P90 | 11/10/2024 | 11/10/2024 | Serial | ||||||
| Dewey Decimal Classification | IMTN | IMTN | 02/18/2025 | Vol. 23, No. 2 | P145 | 02/18/2025 | 02/18/2025 | Serial | ||||||
| Dewey Decimal Classification | IMTN | IMTN | 09/13/2025 | Vol. 24, No. 1 | P815 | 10/10/2025 | 09/13/2025 | Serial | 2025-09-13 |